书目信息 |
| 题名: |
高真空技术与设备
|
|
| 作者: | 华中一 著 | |
| 分册: | ||
| 出版信息: | 上海 上海科学技术出版社 1960 |
|
| 页数: | 262页 | |
| 开本: | 26cm | |
| 丛书名: | ||
| 单 册: | ||
| 中图分类: | TB7 | |
| 科图分类: | ||
| 主题词: | 高真空-真空技术 , 真空技术-高真空 , 真空技术 | |
| 电子资源: | ||
| ISBN: | ||
| 000 | 00674nam0 2200265 45 981 | |
| 001 | 0661279884 | |
| 005 | 20060805170201.34 | |
| 010 | @dCNY2.20 | |
| 091 | @a15119.522 | |
| 100 | @a19960527d1960 mk y0chiy0121 ea | |
| 101 | 0 | @achi |
| 102 | @aCN@b310000 | |
| 105 | @afa z 000yy | |
| 106 | @ar | |
| 200 | 10 | @a高真空技术与设备@f华中一等著@Agao zhen kong ji shu yu she bei |
| 205 | @a2版 | |
| 210 | @a上海@c上海科学技术出版社@d1960 | |
| 215 | @a262页@c图,表@d26cm | |
| 606 | @a高真空-真空技术 | |
| 606 | @a真空技术-高真空 | |
| 606 | 0 | @a真空技术 |
| 690 | @aTB7@v3 | |
| 701 | 0 | @a华中一@4著@Ahua zhong yi |
| 801 | 0 | @c20060805 |
| 905 | @a10447@dTB7@e121 | |
| 高真空技术与设备/华中一等著.-2版 .-上海:上海科学技术出版社,1960 |
| 262页:图,表;26cm |
| ISBN :CNY2.20 |
| ● |
| 相关链接 |
|
|
|
|
正题名:高真空技术与设备
索取号:TB7/121
 
预约/预借
| 序号 | 登录号 | 条形码 | 馆藏地/架位号 | 状态 | 备注 |
| 1 | 0451662 | 204516620 | 密集书库/ [索取号:TB7/121] | 在馆 |